La Dissertation de littérature générale et comparée
שמור ב:
| מחבר ראשי: | |
|---|---|
| פורמט: | ספר |
| שפה: | Undetermined |
| יצא לאור: |
París, Francia
Hachette Livre
1996
|
| נושאים: | |
| תגים: |
הוספת תג
אין תגיות, היה/י הראשונ/ה לתייג את הרשומה!
|
MARC
| LEADER | 00000nam a2200000Ia 4500 | ||
|---|---|---|---|
| 008 | 170316s9999 xx 000 0 und d | ||
| 090 | |a 801 P-34d | ||
| 100 | |a Ponnau, Gwenhaël | ||
| 245 | |a La Dissertation de littérature générale et comparée | ||
| 260 | |a París, Francia | ||
| 260 | |b Hachette Livre | ||
| 260 | |c 1996 | ||
| 300 | |a 319 páginas | ||
| 650 | |a TEORÍA LITERARIA | ||
| 650 | |a VIDA DE LAZARILLO DE TORMES | ||
| 650 | |a MYTHE D` ELECTRA | ||
| 650 | |a THEATRE DU MONDE | ||
| 650 | |a ROMAN D` EDUCATION | ||
| 650 | |a ROMAN NATURALISTE | ||
| 650 | |a AMOURS FANTASTIQUES | ||
| 999 | |c 20572 |d 20572 | ||
| 040 | |a cru BVZT | ||
| 942 | |c 15 D |h 801 P-34d |2 z | ||
